W sprawie cezury początkowej w badaniach dotyczących polityki państwa polskiego na ziemiach północno-wschodnich w okresie II Rzeczypospolitej

Titel: W sprawie cezury początkowej w badaniach dotyczących polityki państwa polskiego na ziemiach północno-wschodnich w okresie II Rzeczypospolitej
Verfasser:
In: Studia z dziejów Rosji i Europy Środkowo-Wschodniej, Band 44 (2009), Seite 285-291
alle Artikel anzeigen
Veröffentlicht: 2009
Format: Aufsatz
Sprache: Polnisch
Kein Bild verfügbar
X
alg: 39510305
001A    $01999:12-11-16 
001B    $01999:04-08-21 $t21:04:51.000 
001C    $06050:19-11-16 $t09:38:01.000 
001D    $01999:12-11-16 
001U    $0utf8 
001X    $00 
002@    $0Aox 
003@    $0395103053 
007A    $0395103053 $aHEB 
007T    $0Herda26265h 
010@    $apol 
011@    $a2009 
021A    $aW sprawie cezury początkowej w badaniach dotyczących polityki państwa polskiego na ziemiach północno-wschodnich w okresie II Rzeczypospolitej 
028A    $aGierowska-Kałłaur $dJoanna 
031A    $d44 $h285-291 $j2009 
039B    $aIn $8--Abvc--. Studia z dziejów Rosji i Europy Środkowo-Wschodniej. - Warszawa : Wydawn. Naukowe Semper, 1992-. - ISSN 1230-5057 $x200900000440000715 $9048641332 
039T    $8--Aau--Śleszyński, Wojciech [Tnx]. Bezpieczeństwo wewne̜trzne w polityce państwa polskiego na ziemiach północno-wschodnich II Rzeczypospolitej. - Wyd. 1. - Warszawa : Instytut Studiów Politycznych PAN {[u.a.], 2007. - 400 S.. - ISBN 978-83-7399-199-6 $927900074X 
045F    $a900.9438 $eDDC23BSB 
045F/01 $a900 
045F/03 $g438 
045T    $a7,41 

lok: 39510305 78

exp: 39510305 78 1 #EPN
201B/01 $018-11-16 $t13:45:18.000 
201U/01 $0utf8 
203@/01 $0791401693 
208@/01 $a12-11-16 $be 
209A/01 $a/ $f000 $x00 
220C/01 $aHerkunft: PBB/IH PAN 
244Z/01 $2Trx $#Poola $#Lenkija $#Polija $#Polen Land $#Poland $#Lengyelország $#Poľsko $#Polsko $8--Trx--Polska$gkraj $x01 $9391345966 
244Z/01 $2Trx $#arvustused $#recenzijos $#Reviews $#recenziók $#recenzje $#recenzie $#recenze $8--Trx--Rezensionen $x02 $9391357441 
247C/01 $82080>Marburg/Lahn, Herder-Institut, Forschungsbibliothek, Bibliographieportal $9336309341
LEADER 00000caa a22000002c 4500
001 395103053
003 DE-603
005 20210804210451.0
007 tu
008 161112s2009 xx |||| | u00||u|pol c
035 |a (DE-599)HEB395103053 
040 |a DE-603  |b ger  |c DE-603  |d DE-603 
041 |a pol 
082 0 4 |8 1\u  |a 900.9438  |q DE-101  |2 23/BSB 
084 |a 7,41  |2 ssgn 
085 |8 1\u  |b 900 
085 |8 1\u  |z 2  |s 438 
100 1 |a Gierowska-Kałłaur, Joanna 
245 0 0 |a W sprawie cezury początkowej w badaniach dotyczących polityki państwa polskiego na ziemiach północno-wschodnich w okresie II Rzeczypospolitej 
264 0 |c 2009 
773 0 8 |i In  |t Studia z dziejów Rosji i Europy Środkowo-Wschodniej  |d Warszawa : Wydawn. Naukowe Semper, 1992-  |x 1230-5057  |g Band 44 (2009), Seite 285-291  |w (DE-603)048641332  |w (DE-600)1176803-4 
787 0 8 |i Rezension von  |a Śleszyński, Wojciech  |t Bezpieczeństwo wewne̜trzne w polityce państwa polskiego na ziemiach północno-wschodnich II Rzeczypospolitej  |b Wyd. 1  |d Warszawa : Instytut Studiów Politycznych PAN ˜[u.a.], œ2007  |h 400 S., 25 cm  |z 9788373991996  |z 8373991999  |w (DE-603)27900074X 
924 0 |9 2080  |a (DE-603)791401693  |b DE-2080  |c HES  |d d  |g /